{"text_format":"3","workbook":"xlsx","n_sheets":1,"sheets":["8-11 класс"],"read":"whole","date_system":"1900"}

{"sheet":"8-11 класс","index":0,"n_rows":38,"n_cols":20,"rows_kept":38}
["№","Код участника","Название ОУ(полное)","СНИЛС","Фамилия","Имя","Отчество","Пол","Дата рождения","Участник с ОВЗ","Класс","Класс участия","Балл","Добавлено баллов по итогам апелляции","Итоговый балл","Макс. балл","Статус","Призер республиканского / регионального этапа прошлого года","Учитель","Место работы учителя (полное)"]
[1,"452012_15808801987_17","Муниципальное бюджетное общеобразовательное учреждение \"Лесхозская средняя общеобразовательная школа Сабинского муниципального района Республики Татарстан\"",15808801987,"Латипов","Ранис","Рустемович","м","2010-02-21","нет",8,8,50,null,{"$f":"M2","v":50},100,"участник","нет","Шаймиева \nАйгуль \nТагировна","Муниципальное бюджетное \nобщеобразовательное учреждение\n \"Лесхозская средняя \nобщеобразовательная школа \nСабинского муниципального\n района Республики Татарстан\""]
[2,"454009_15730403845_17","Муниципальное бюджетное общеобразовательное учреждение \"Сатышевская средняя общеобразовательная школа Сабинского муниципального района Республики Татарстан им. Ш.З.Зиннурова\"",15730403845,"Сабиров","Алмаз","Маратович","м","2010-01-15","нет",8,8,78,null,{"$f":"M3","v":78},100,"призер","нет","Хасанова Венера Ризвановна","Муниципальное бюджетное общеобразовательное учреждение \"Сатышевская средняя общеобразовательная школа Сабинского муниципального района Республики Татарстан им. Ш.З.Зиннурова\""]
[3,"454010_15690914697_17","Муниципальное бюджетное общеобразовательное учреждение \"Мичанская основная общеобразовательная школа Сабинского муниципального района Республики Татарстан\" ",15690914697,"Халиков ","Булат","Раушанович","м","2009-12-06","нет",8,8,12,null,12,100,"участник","нет","Ахмадиева Алсу Равилевна","Муниципальное бюджетное общеобразовательное учреждение \"Мичанская основная общеобразовательная школа Сабинского муниципального района Республики Татарстан\""]
[4,"451024_16141992665_17","Муниципальное бюджетное общеобразовательное учреждение \"Сабинская средняя общеобразовательная школа Сабинского муниципального района Республики Татарстан\"",16141992665,"Камолова","Аиша","Баходуровна","ж","2010-07-21","нет",8,8,41,null,41,100,"участник","нет","Аглямзянова Рамзия Василовна","Муниципальное бюджетное общеобразовательное учреждение \"Сабинская средняя общеобразовательная школа Сабинского муниципального района Республики Татарстан\""]
[5,"454011_15835142875_17","Муниципальное бюджетное общеобразовательное учреждение \"Нижнешитцинская основная общеобразовательная школа Сабинского муниципального района Республики Татарстан\"",15835142875,"Хабибрахманова","Марьям","Анасовна","ж","2010-03-17","нет",8,8,28,null,28,100,"участник","нет","Фаляхова Фирдания Габдулхаковна","Муниципальное бюджетное общеобразовательное учреждение \"Нижнешитцинская основная общеобразовательная школа Сабинского муниципального района Республики Татарстан\""]
[6,"451001_15894031796_17","Муниципальное бюджетное общеобразовательное учреждение «Гимназия п.г.т. Богатые Сабы Сабинского муниципального района Республики Татарстан»",15894031796,"Сайфуллина","Диляра","Фидаиловна","ж","2010-04-10","нет",8,8,35,null,35,100,"участник","нет","Рахимова Миляуша Мансуровна","Муниципальное бюджетное общеобразовательное учреждение «Гимназия п.г.т. Богатые Сабы Сабинского муниципального района Республики Татарстан»"]
[7,"454019_16209780168_17","Муниципальное бюджетное общеобразовательное учреждение \"Верхнесиметская средняя общеобразовательная школа Сабинского муниципального района Республики Татарстан\"",16209780168,"Сагитова","Регина","Фаритовна","ж","2010-07-31","нет",8,8,53,null,53,100,"призер","нет","Шафигуллина Аниса Габдулхамитовна","Муниципальное бюджетное общеобразовательное учреждение \"Верхнесиметская средняя общеобразовательная школа Сабинского муниципального района Республики Татарстан\""]
[8,"454014_15724962390_17","муниципальное бюджетное общеобразовательное учреждение \"Кильдебякская средняя общеобразовательная школа Сабинского муниципального района Республики Татарстан\"",15724962390,"Ганиев","Ильназ","Ильнурович","м","2009-12-08","нет",8,8,82,null,82,100,"победитель","нет","Мухарлямов Ренат Габдуллович","муниципальное бюджетное общеобразовательное учреждение \"Кильдебякская средняя общеобразовательная школа Сабинского муниципального района Республики Татарстан\""]
[9,"452003_16398635518_17","Муниципальное бюджетное общеобразовательное учреждение \"Шеморданский лицей \"Рост\" Сабинского муниципального района Республики Татарстан\"",16398635518,"Гарифуллин","Арсен","Тимурович","м","2011-02-06","нет",8,8,52,null,52,100,"участник","нет","Миннеханов Алмаз Ильшатович","Муниципальное бюджетное общеобразовательное учреждение \"Шеморданский лицей \"Рост\" Сабинского муниципального района Республики Татарстан\""]
[10,"451002_15813065659_17","Муниципальное бюджетное общеобразовательное учреждение «Центр образования «ОНИКС» для одаренных детей» Сабинского муниципального района Республики Татарстан\n","158-130-656 59","Загидуллин","Раяз","Флюзович","м","2010-03-08","нет",8,8,28,null,28,100,"участник","нет","Хазиева Альфира Рифкатовна","Муниципальное бюджетное общеобразовательное учреждение «Центр образования «ОНИКС» для одаренных детей» Сабинского муниципального района Республики Татарстан\n"]
[11,"454017_15801622447_17","Муниципальное бюджетное общеобразовательное учреждение \"Изминская средняя общеобразовательная школа Сабинского муниципального района Республики Татарстан\"",15801622447,"Гатауллин","Булат","Азатович","м","2010-02-27","нет",8,8,25,null,25,100,"участник","нет","Каримуллина Эльвира Талгатовна","Муниципальное бюджетное общеобразовательное учреждение \"Изминская средняя общеобразовательная школа Сабинского муниципального района Республики Татарстан\""]
[12,"454016_15941938707_17","Государственное бюджетное общеобразовательное учреждение \"Икшурминская кадетская школа- интернат имени Байкиева К.С\"",15941938707,"Амиров","Ренат","Николаевич","м","2010-04-12","нет",8,8,45,null,45,100,"участник","нет","Кабирова Гузелия Саматовна","Государственное бюджетное общеобразовательное учреждение \"Икшурминская кадетская школа- интернат имени Байкиева К.С\""]
[13,"454006_15675483911_17","Муниципальное бюджетное общеобразовательное учреждение \"Юлбатская основная общеобразовательная школа Сабинского муниципального района Республики Татарстан\"",15675483911,"Галимуллин","Разиль","Рафилевич","м","2009-11-30","нет",9,9,36,null,36,100,"участник","нет","Фаляхова Фирдания Габдулхаковна","Муниципальное бюджетное общеобразовательное учреждение \"Юлбатская основная общеобразовательная школа Сабинского муниципального района Республики Татарстан\""]
[14,"452012_16130676543_17","Муниципальное бюджетное общеобразовательное учреждение \"Лесхозская средняя общеобразовательная школа Сабинского муниципального района Республики Татарстан\"",16130676543,"Хузина","Ралина","Алмазовна","ж","2008-12-11","нет",9,9,76,null,76,100,"призер","нет","Шаймиева \nАйгуль \nТагировна","Муниципальное бюджетное\n общеобразовательное учреждение\n \"Лесхозская средняя \nобщеобразовательная школа \nСабинского муниципального\n района Республики Татарстан\""]
[15,"454010_15479594926_17","Муниципальное бюджетное общеобразовательное учреждение \"Мичанская основная общеобразовательная школа Сабинского муниципального района Республики Татарстан\"",15479594926,"Ашаров","Рузаль","Радикович","м","2009-05-26","нет",9,9,21,null,21,100,"участник","нет","Ахмадиева Алсу Равилевна","Муниципальное бюджетное общеобразовательное учреждение \"Мичанская основная общеобразовательная школа Сабинского муниципального района Республики Татарстан\""]
[16,"451024_15846540090_17","Муниципальное бюджетное общеобразовательное учреждение \"Сабинская средняя общеобразовательная школа Сабинского муниципального района Республики Татарстан\"",15846540090,"Ханов","Ильдан","Ильнурович","м","2023-06-05","нет",9,9,35,null,35,100,"участник","да","Аглямзянова Рамзия Василовна","Муниципальное бюджетное общеобразовательное учреждение \"Сабинская средняя общеобразовательная школа Сабинского муниципального района Республики Татарстан\""]
[17,"454022_15465662790_17","Муниципальное бюджетное общеобразовательное учреждение \"Большеарташская основная общеобразовательная школа Сабинского муниципального района Республики Татарстан\"",15465662790,"Хузина","Язгуль","Ильсуровна","ж","2009-04-27","нет",9,9,46,null,46,100,"участник","нет","Аглямзянова Рамзия Василовна","Муниципальное бюджетное общеобразовательное учреждение \"Большеарташская основная общеобразовательная школа Сабинского муниципального района Республики Татарстан\""]
[18,"451001_15455107049_17","Муниципальное бюджетное общеобразовательное учреждение \"Гимназия\" п.г.т. Богатые Сабы",15455107049,"Галимов","Ислам","Ильдарович","м","2009-05-03","нет",9,9,34,null,34,100,"участник","нет","Сунгатуллина Фарида Ханифовна","Муниципальное бюджетное общеобразовательное учреждение «Гимназия п.г.т. Богатые Сабы Сабинского муниципального района Республики Татарстан»"]
[19,"451001_15808801179_17","Муниципальное бюджетное общеобразовательное учреждение \"Гимназия\" п.г.т. Богатые Сабы",15808801179,"Хадиев","Алим","Айдарович","м","2008-12-25","нет",9,9,34,null,34,100,"участник","нет","Сунгатуллина Фарида Ханифовна","Муниципальное бюджетное общеобразовательное учреждение «Гимназия п.г.т. Богатые Сабы Сабинского муниципального района Республики Татарстан»"]
[20,"454011_17437001653_17","Муниципальное бюджетное общеобразовательное учреждение \"Нижнешитцинская основная общеобразовательная школа Сабинского муниципального района Республики Татарстан\"",17437001653,"Мустафина","Аниса","Рустамовна","ж","2009-05-25","нет",9,9,32,null,32,100,"участник","нет","Фаляхова Фирдания Габдулхаковна","Муниципальное бюджетное общеобразовательное учреждение \"Нижнешитцинская основная общеобразовательная школа Сабинского муниципального района Республики Татарстан\""]
[21,"454004_15533554867_17","Муниципальное бюджетное общеобразовательное учреждение \"Евлаштауская средняя общеобразовательная школа Сабинского муниципального района Республики Татарстан\"",15533554867,"Ахунова","Сюмбель","Раисовна","ж","2009-07-03","нет",9,9,24,null,24,100,"участник","нет","Файзрахманова Нуркия Мухаметханов-на","Муниципальное бюджетное общеобразовательное учреждение \"Евлаштауская средняя общеобразовательная школа Сабинского муниципального района Республики Татарстан\""]
[22,"451002_15677190098_17\n","Муниципальное бюджетное общеобразовательное учреждение «Центр образования «ОНИКС» для одаренных детей» Сабинского муниципального района Республики Татарстан\n","156-771-900 98","Равилин ","Адель","Рустемович","м","2009-11-14","нет",9,9,85,null,85,100,"победитель","нет","Хазиева Альфира Рифкатовна","Муниципальное бюджетное общеобразовательное учреждение «Центр образования «ОНИКС» для одаренных детей» Сабинского муниципального района Республики Татарстан\n"]
[23,"451002_15580067467_17\n","\"Муниципальное бюджетное общеобразовательное учреждение «Центр образования «ОНИКС» для одаренных детей» Сабинского муниципального района Республики Татарстан\n\"","\n155-800-674 67","Ибрагимов","Мурат","Радикович","м","2009-08-20","нет",9,9,81,null,81,100,"призер","нет","Хазиева Альфира Рифкатовна","Муниципальное бюджетное общеобразовательное учреждение «Центр образования «ОНИКС» для одаренных детей» Сабинского муниципального района Республики Татарстан\n"]
[24,"454017_15474230156_17","Муниципальное бюджетное общеобразовательное учреждение \"Изминская средняя общеобразовательная школа Сабинского муниципального района Республики Татарстан\"",15474230156,"Шайнуров","Ильфар","Ильнарович","м","2009-04-10","нет",9,9,51,null,51,100,"участник","нет","Каримуллина Эльвира Талгатовна","Муниципальное бюджетное общеобразовательное учреждение \"Изминская средняя общеобразовательная школа Сабинского муниципального района Республики Татарстан\""]
[25,"451024_15704817975_17","Муниципальное бюджетное общеобразовательное учреждение \"Сабинская средняя общеобразовательная школа Сабинского муниципального района Республики Татарстан\"",15704817975,"Латипова","Язиля","Рафаэлевна","ж","2008-06-24","нет",10,10,31,null,31,100,"участник","нет","Аглямзянова Рамзия Василовна","Муниципальное бюджетное общеобразовательное учреждение \"Сабинская средняя общеобразовательная школа Сабинского муниципального района Республики Татарстан\""]
[26,"451001_15815366582_17","Муниципальное бюджетное общеобразовательное учреждение «Гимназия п.г.т. Богатые Сабы Сабинского муниципального района Республики Татарстан»",15815366582,"Камолов","Камол","Баходурович","м","2008-12-13","нет",10,10,87,null,87,100,"победитель","нет","Сунгатуллина Фарида Ханифовна","Муниципальное бюджетное общеобразовательное учреждение «Гимназия п.г.т. Богатые Сабы Сабинского муниципального района Республики Татарстан»"]
[27,"451001_15809751397_17","Муниципальное бюджетное общеобразовательное учреждение «Гимназия п.г.т. Богатые Сабы Сабинского муниципального района Республики Татарстан»",15809751397,"Хаев","Ильназ","Ильнарович","м","2008-04-09","нет",10,10,41,null,41,100,"участник","нет","Сунгатуллина Фарида Ханифовна","Муниципальное бюджетное общеобразовательное учреждение «Гимназия п.г.т. Богатые Сабы Сабинского муниципального района Республики Татарстан»"]
[28,"454004_15725966807_17","Муниципальное бюджетное общеобразовательное учреждение \"Евлаштауская средняя общеобразовательная школа Сабинского муниципального района Республики Татарстан\"",15725966807,"Идиятова","Илсина","Ильнуровна","ж","2008-09-27","нет",10,10,13,null,13,100,"участник","нет","Файзрахманова Нуркия Мухаметханов-на","Муниципальное бюджетное общеобразовательное учреждение \"Евлаштауская средняя общеобразовательная школа Сабинского муниципального района Республики Татарстан\""]
[29,"451002_15920556575_17","\"Муниципальное бюджетное общеобразовательное учреждение «Центр образования «ОНИКС» для одаренных детей» Сабинского муниципального района Республики Татарстан\n\"","\n159-205-565 75","Рахимуллин","Тимерхан","Талгатович","м","2008-10-24","нет",10,10,18,null,18,100,"участник","нет","Хазиева Альфира Рифкатовна","\"Муниципальное бюджетное общеобразовательное учреждение «Центр образования «ОНИКС» для одаренных детей» Сабинского муниципального района Республики Татарстан\n\""]
[30,"454016_15710267952_17","Государственное бюджетное общеобразовательное учреждение \"Икшурминская кадетская школа- интернат имени Байкиева К.С\"",15710267952,"Самигуллин","Ильнар","Инсафович","м","2008-08-05","нет",10,10,26,null,26,100,"участник","нет","Кабирова Гузелия Саматовна","Государственное бюджетное общеобразовательное учреждение \"Икшурминская кадетская школа- интернат имени Байкиева К.С\""]
[31,"454009_15569939935_17","Муниципальное бюджетное общеобразовательное учреждение \"Сатышевская средняя общеобразовательная школа Сабинского муниципального района Республики Татарстан им. Ш.З.Зиннурова\"",15569939935,"Сабиров","Булат","Маратович","м","2007-02-23","нет",11,11,45,null,45,100,"участник","да","Хасанова Венера Ризвановна","Муниципальное бюджетное общеобразовательное учреждение \"Сатышевская средняя общеобразовательная школа Сабинского муниципального района Республики Татарстан им. Ш.З.Зиннурова\""]
[32,"451024_15796821020_17","Муниципальное бюджетное общеобразовательное учреждение \"Сабинская средняя общеобразовательная школа Сабинского муниципального района Республики Татарстан\"",15796821020,"Хузин","Ильзат","Ильшатович","м","2007-05-14","нет",11,11,52,null,52,100,"призер","да","Аглямзянова Рамзия Василовна","Муниципальное бюджетное общеобразовательное учреждение \"Сабинская средняя общеобразовательная школа Сабинского муниципального района Республики Татарстан\""]
[33,"454020_15693515294_17","Муниципальное бюджетное общеобразовательное учреждение \"Большекибячинскаясредняя общеобразовательная школа Сабинского муниципального района Республики Татарстан\"",15693515294,"Хусаенова","Талия","Талгатовна","ж","2007-05-22","нет",11,11,35,null,35,100,"участник","нет","Сафина Сирина Закизяновна","Муниципальное бюджетное общеобразовательное учреждение \"Большекибячинскаясредняя общеобразовательная школа Сабинского муниципального района Республики Татарстан\""]
[34,"454014_15820997598_17","Муниципальное бюджетное общеобразовательное учреждение \"Кильдебякская средняя общеобразовательная школа Сабинского муниципального района Республики Татарстан\"",15820997598,"Каримуллин","Дамир","Зульфатович","м","2007-05-21","нет",11,11,30,null,30,100,"участник",null,"Мухарлямов Ренат Габдуллович","муниципальное бюджетное общеобразовательное учреждение \"Кильдебякская средняя общеобразовательная школа Сабинского муниципального района Республики Татарстан\""]
[35,"452003_16072958681_17","Муниципальное бюджетное общеобразовательное учреждение \"Шеморданский лицей \"Рост\" Сабинского муниципального района Республики Татарстан\"",16072958681,"Маметова","Асия","Азатовна","ж","2007-01-04","нет",11,11,35,null,35,100,"участник","нет","Тапайкина Юлия Валерьевна","Муниципальное бюджетное общеобразовательное учреждение \"Шеморданский лицей \"Рост\" Сабинского муниципального района Республики Татарстан\""]
[36,"451002_17308460766_17\n","\"Муниципальное бюджетное общеобразовательное учреждение «Центр образования «ОНИКС» для одаренных детей» Сабинского муниципального района Республики Татарстан\n\"","173-084-607 66","Мубаракшина","Фануза","Назифовна","ж","2007-03-19","нет",11,11,37,null,37,100,"участник","нет","Хазиева Альфира Рифкатовна","\"Муниципальное бюджетное общеобразовательное учреждение «Центр образования «ОНИКС» для одаренных детей» Сабинского муниципального района Республики Татарстан\n\""]
[37,"454017_17517017966_17","Муниципальное бюджетное общеобразовательное учреждение \"Изминская средняя общеобразовательная школа Сабинского муниципального района Республики Татарстан\"",17517017966,"Каюмов","Альмир","Дамирович","м","2007-09-09","нет",11,11,69,null,69,100,"победитель","нет","Каримуллина Эльвира Талгатовна","Муниципальное бюджетное общеобразовательное учреждение \"Изминская средняя общеобразовательная школа Сабинского муниципального района Республики Татарстан\""]